Vector mechanics for engineers (Record no. 4856)

000 -LEADER
fixed length control field 00594nam a2200217 a 4500
001 - CONTROL NUMBER
control field 4856
003 - CONTROL NUMBER IDENTIFIER
control field BD-DhUET
008 - FIXED-LENGTH DATA ELEMENTS--GENERAL INFORMATION
fixed length control field 840307s1984 nyua 001 0 eng
020 ## - INTERNATIONAL STANDARD BOOK NUMBER
International Standard Book Number 0070044384
040 ## - CATALOGING SOURCE
Original cataloging agency DLC
Transcribing agency DLC
Modifying agency BD-DhUET
082 00 - DEWEY DECIMAL CLASSIFICATION NUMBER
Classification number 620.1
Item number BEE/1984
100 ## - MAIN ENTRY--PERSONAL NAME
Personal name Beer, Ferdinand P.
245 10 - TITLE STATEMENT
Title Vector mechanics for engineers
Remainder of title statics and dynamics
250 ## - EDITION STATEMENT
Edition statement 4th ed.
260 ## - PUBLICATION, DISTRIBUTION, ETC. (IMPRINT)
Place of publication, distribution, etc. New York
Name of publisher, distributor, etc. McGraw-Hill
Date of publication, distribution, etc. 1984
300 ## - PHYSICAL DESCRIPTION
Extent xxi, 926 p.
Other physical details ill.
Dimensions 24 cm.
504 ## - BIBLIOGRAPHY, ETC. NOTE
Bibliography, etc Includes bibliographies
650 #0 - SUBJECT ADDED ENTRY--TOPICAL TERM
Topical term or geographic name as entry element Engineering instruments
700 1# - ADDED ENTRY--PERSONAL NAME
Personal name Johnston, E. Russell
942 ## - ADDED ENTRY ELEMENTS (KOHA)
Koha item type General Book
Holdings
Location (home branch) Koha issues (times borrowed) Price effective from Koha item type Koha date last seen Not for loan Piece designation (barcode) Damaged status Koha full call number Shelving location Koha date last borrowed Date acquired Sublocation or collection (holding branch) Copy number Koha normalized classification for sorting Source of classification or shelving scheme Withdrawn status Lost status
Central Library, BUET 2014-11-23General Book2015-12-08 66051 620.1/BEE/1984Circulation section 2014-11-23Central Library, BUET1620_100000000000000_BEE_1984   
Central Library, BUET22014-11-24General Book2022-06-20 66042 620.1/BEE/1984Circulation section2022-06-122014-11-24Central Library, BUET1620_000000000000000_1BEE1984   
Central Library, BUET42014-11-29General Book2023-06-07 66086 620.1/BEE/1984Circulation section2023-01-102014-11-29Central Library, BUET1620_100000000000000_BEE_1984   
Central Library, BUET12014-12-11General Book2025-05-28 66044 620.1 /BEE/1984Circulation section2025-04-302014-12-11Central Library, BUET49620_100000000000000_BEE_1984   
Central Library, BUET 2014-12-11General Book2015-02-23 66012 620.1/BEE/1984Circulation section 2014-12-11Central Library, BUET1620_100000000000000_BEE_1984   
Central Library, BUET 2015-01-19General Book2015-12-22 66043 620.1/BEE/1984Circulation section 2015-01-19Central Library, BUET6620_100000000000000_BEE_1984   
Central Library, BUET12015-02-16General Book2022-12-13 81336 620.1/BEE/1984Circulation section2022-11-212015-02-16Central Library, BUET7620_100000000000000_BEE_1984   
Central Library, BUET12015-04-01General Book2018-04-30 66048 620.1/BEE/1984Circulation section2018-04-182015-04-01Central Library, BUET1620_100000000000000_BEE_1984   
Central Library, BUET 2015-06-21Reading Item2015-06-21 66015 620.1/BEE/1984Reading section 2015-06-21Central Library, BUET9620_100000000000000_BEE_1984   
Central Library, BUET 2015-06-22General Book2015-06-22 66014 620.1/BEE/1984Reading section 2015-06-22Central Library, BUET10620_100000000000000_BEE_1984   
Central Library, BUET 2015-06-22General Book2015-06-22 66013 620.1/BEE/1984Reading section 2015-06-22Central Library, BUET11620_100000000000000_BEE_1984   
Central Library, BUET 2015-06-29Reading Item2015-06-29 66095 620.01/BEE/1984Reading section 2015-06-29Central Library, BUET12620_010000000000000_BEE_1984   
Central Library, BUET 2015-07-28General Book2015-07-28 75502 620.1/BEE/1984Circulation section 2015-07-28Central Library, BUET13620_100000000000000_BEE_1984